Statistiken für Darts PDC Major Turnier Sieger

Klicken Sie hier um das Quiz zu spielen!

Allgemein

  • Dieses Quiz wurde 731 mal gespielt
    (111 seit der letzten Aktualisierung)
  • Das Durchschnittsergebnis liegt bei 14 aus 20

Antwortstatistiken

TitelNationalitätSieger% Korrekt
50NiederlandeMichael van Gerwen
100%
9WalesGerwyn Price
98%
84
EnglandPhil Taylor
98%
10SchottlandPeter Wright
96%
9SchottlandGary Anderson
94%
11
NiederlandeRaymond van Barneveld
91%
2BelgienDimitri van den Bergh
85%
6WalesJonny Clayton
84%
4EnglandLuke Humphries
81%
4EnglandRob Cross
79%
2EnglandMichael Smith
78%
2AustralienSimon Whitlock
78%
2NordirlandDaryl Gurney
69%
11EnglandJames Wade
69%
8EnglandAdrian Lewis
66%
2EnglandNathan Aspinall
66%
3KanadaJohn Part
56%
2SchottlandRobert Thornton
29%
2EnglandColin Lloyd
11%
2EnglandRod Harrington
11%

Verteilung der Resultate

Perzentil nach korrekt beantworteten Fragen

Anzahl Personen mit jedem Resultat

Ihre Resultats-Entwicklung

Sie haben dieses Quiz seit der letzten Aktualisierung nicht gespielt